La conducta antisocial del menor en América: contribución de los técnicos del Instituto a una mayor comprensión del problema
Guardat en:
| Autor corporatiu: | , |
|---|---|
| Format: | Llibre |
| Idioma: | espanyol |
| Publicat: |
Montevideo
Instituto Interamericano del Niño
1963
|
| Matèries: | |
| Etiquetes: |
Afegir etiqueta
Sense etiquetes, Sigues el primer a etiquetar aquest registre!
|
MARC
| LEADER | 00000nam a2200000 a 4500 | ||
|---|---|---|---|
| 001 | UCY8991 | ||
| 003 | CL-VaPUC | ||
| 008 | 950707e19630000UY |||||||||||||||||spa|d | ||
| 082 | 0 | 4 | |a 362.74 |b INS |2 21 |
| 110 | 2 | |a Instituto Interamericano del Niño |e author |9 340933 | |
| 710 | 2 | |a OEA |e author |9 340934 | |
| 245 | 1 | 3 | |a La conducta antisocial del menor en América: contribución de los técnicos del Instituto a una mayor comprensión del problema |
| 300 | |a 65 p | ||
| 942 | |c BK | ||
| 945 | |d 19950707 00:00:00 |a cmena | ||
| 260 | |a Montevideo |b Instituto Interamericano del Niño |c 1963 | ||
| 650 | 0 | |a Niños |9 255605 | |
| 650 | 0 | |a Trastornos del comportamiento |9 311363 | |
| 650 | 0 | |a Influencia social |9 309315 | |
| 650 | 7 | |a COMPORTAMIENTO ANTISOCIAL |2 CL-VaPUC |9 311364 | |
| 650 | 0 | |a Problemas sociales |9 258537 | |
| 650 | 0 | |a Docentes |9 311365 | |
| 650 | 0 | |a Cooperación internacional |9 255447 | |
| 651 | 0 | |a América |9 255182 | |
| 583 | |a last modification |c 19950707 00:00:00 |k Rodrigo Vera | ||
| 999 | |c 236167 |d 236165 | ||
| 952 | |0 0 |1 0 |4 0 |6 362_740000000000000_INS_1963 |7 0 |8 P |9 244056 |a BIBEDU |b BIBEDU |c BIBEDU_PB |d 2019-11-18 |i 1529730 |o 362.74 INS 1963 |p 1529730 |r 2024-01-25 |w 2019-11-18 |y BK |k EDU | ||